US Politics Quiz - Statistics

General Stats
  • This quiz has been taken 422 times
  • The average score is 8 of 10
Answer Stats
Question Answer % Correct
As of the 2020 Presidential Election, how many times has a Republican presidential candidate won the popular vote since 2000? Once
98%
How many elected members of the US Senate are there? 100
93%
What is the name of Obama's flagship healthcare law passed by Congress in 2010 that did not receive any Republican vote in the House of Representatives? Affordable Care Act
93%
As of the 2020 Presidential Election, which state has the most electoral college votes? California
93%
Who is the first female Speaker of the House of Representatives? Nancy Pelosi
89%
In the 2000 Presidential Election, which candidate notably received more popular votes than the winner of the Presidential Election? Al Gore
88%
In case of a tie in a US Senate vote, who gets to cast the tie-breaking vote? Vice President
88%
How many electoral votes does a candidate need in order to win the Presidential Election? 270
80%
Who was George W. Bush's Vice President? Dick Cheney
75%
Who was nominated by Obama to the Supreme Court in 2016 whose nomination was notably snubbed by the Republican-led Senate to give way for the next president to fill in the seat? Merrick Garland
43%
No matching quizzes found
Score Distribution
Percent of People with Each Score
Percentile by Number Answered
Your Score History
You have not taken this quiz